| 000 | 00000nam##2200000za#4500 |
| 001 | 9.691656 |
| 003 | CaOODSP |
| 005 | 20210624232850 |
| 007 | cr ||||||||||| |
| 008 | 150407|2008||||xxc|||||o f|0| 0 eng|d |
| 020 | |a978-1-100-11420-0 |
| 040 | |aCaOODSP|beng |
| 043 | |an-cn--- |
| 086 | 1 |aA72-64/8-2008E-PDF |
| 110 | 1 |aCanada.|bAgriculture and Agri-Food Canada. |bMarket and Industry Services Branch. |
| 245 | 10|aWhere do US agriculture, agri-food and seafood exports go? : |h[electronic resource]|btop five markets for 2007 |
| 260 | |aOttawa - Ontario : |bAgriculture and Agri-Food Canada. |c2008. |
| 300 | |a1p.|bgraph |
| 500 | |aIncorrect catalogue number (A72-64/9-2008E-PDF) and ISBN (A72-64/9-2008E-PDF) copied in this PDF edition. |
| 590 | |a11-04-Supp|b2011-02-17 |
| 690 | 07|aAgri-food products|2gcpds |
| 690 | 07|aExports|2gcpds |
| 690 | 07|aSeafood|2gcpds |
| 856 | 40|ahttp://publications.gc.ca|qPDF|s2409 KB|uhttps://publications.gc.ca/collections/collection_2011/agr/A72-64-8-2008-eng.pdf |